| Поле | Инд. | ПП | Название | Значение |
|---|---|---|---|---|
| Тип записи | a | |||
| Библиографический уровень | b | |||
| 001 | Контрольный номер | b84a28317edf48fc9b777376482d0674 | ||
| 005 | Дата корректировки | 20240425132559.9 | ||
| 024 | 80 | a | Стандартный номер | 10.1134/S0020168523030056 |
| 040 | a | Служба первич. каталог. | Scopus | |
| 041 | 0_ | a | Код языка текста | eng |
| 097 | a | Костяева О.Г. | ||
| 100 | 1_ | a | Автор | Fadeikina I. N. |
| c | Титул (звания) | ; кандидат химических наук; доцент (должность); | ||
| i | 000091005 | |||
| g | Прочие сведения | РИНЦ AuthorID: 735891 (http://elibrary.ru/author_profile.asp?id= 735891); SPIN-код: 1551-0281 (http://elibrary.ru/author_items.asp?authorid=735891) | ||
| j | Принадлежность неизвестного автора к последователям, ученикам, сторонникам, школе и т. д. | государственный университет "Дубна" | ||
| k | Кафедра химии, новых технологий и материалов; Факультет естественных и инженерных наук | |||
| q | Полное имя | Фадейкина Ирина Николаевна | ||
| u | Дополнение | Фадейкина И. Н. | ||
| 100 | 1_ | a | Автор | Andreev E. V. |
| 100 | 1_ | a | Автор | Kristavchuk O. V. |
| 100 | 1_ | a | Автор | Nechaev A. N. |
| c | Титул (звания) | ; кандидат химических наук; доцент (должность); | ||
| i | 000089213 | |||
| g | Прочие сведения | РИНЦ AuthorID: 47179 (http://elibrary.ru/author_profile.asp?id= 47179); SPIN-код: 7820-4035 (http://elibrary.ru/author_items.asp?authorid=47179); Scopus Author ID: 56742907400 (https://www.scopus.com/authid/detail.uri?origin=resultslist&authorId=56742907400&zone=) | ||
| j | Принадлежность неизвестного автора к последователям, ученикам, сторонникам, школе и т. д. | государственный университет "Дубна" | ||
| k | Кафедра нанотехнологий и новых материалов; Факультет естественных и инженерных наук | |||
| q | Полное имя | Нечаев Александр Николаевич | ||
| u | Дополнение | Нечаев А. Н.; Nechaev A. N. | ||
| 100 | 1_ | a | Автор | Apel P. Yu. |
| 245 | 10 | a | Заглавие | Electric Discharge Synthesis of Colloidal Silver Nanoparticle Solutions Using Various Modifiers for Immobilization on the Surface of Track-Etched Membranes |
| 513 | a | передано и. о. проректора по научной работе и инновациям | ||
| b | август/сентябрь 2023 | |||
| 773 | 18 | t | Название источника | Inorganic Materials |
| b | Сведения об издании | Pleiades Publishing, Ltd. | ||
| c | Russia | |||
| m | Специф. данные | входит в Scopus; входит в WoS; Входит в ядро РИНЦ; журнал из перечня ВАК; ненулевой импакт-фактор | ||
| o | Прочие индексы | scopus 0.34 | ||
| x | ISSN | 0020-1685 | ||
| g | Прочая информация | V. 59. - № 3. - P. 337 - 347 | ||
| d | Место и дата издания | 2023 | ||
| w | Контрольный № источника | 6d11cd5f79ca4e289ef41147f0ae8812 | ||
| n | Примечание | Неорганические материалы | ||
| p | Inorg. Mater.; INMA | |||
| q | Q3 Scopus 2022 | |||
| 901 | t | Тип документа | b | |
| 952 | c | Вид литературы | статья в журнале |